000 01391namaa22003972i 4500
001 4983527
003 EG-GICUC
005 20260514120957.0
008 980420s1998 caua jr 001 0 eng
010 _a 98085472
020 _a0782122507
020 _a9780782122503
040 _aDLC
_cDLC
_beng
_dEG-GiCUC
_erda
082 0 0 _a005.7/13769
_221
_bT162
092 0 4 _221
_a005.7/13769
_bT162
099 _a005.7/13769 T162
100 1 _aTapia-Ruddy, Maria Aurelia.
_eAuthor.
245 1 0 _aMCSE test success :
_pExchange Server 5.5 /
_cMaria Aurelia, Tapia-Ruddy.
246 3 0 _aExchange Server 5.5
264 _aSan Francisco, CA :
_bSybex Inc.,
_c1998.
300 _axxi, 408 pages :
_billustration ;
_c23 cm.
336 _atext
_btxt
_2rdacontent
337 _aunmediated
_bn
_2rdamedia
338 _avolume
_bnc
_2rdacarrier
500 _a"Microsoft certified professional approved study guide"--Cover p. [1].
500 _a"Exam 70-081"--Cover p. [1].
500 _aIncludes index.
504 _aBibliography: pages 397-408.
541 _aوزارة الثقافة ؛
_bالقاهرة ؛
_cإهداء ؛
_d2023.
630 0 0 _aMicrosoft Exchange server.
650 0 _aElectronic data processing personnel
_xCertification.
650 0 _aMicrosoft software
_xExaminations
_xStudy guides.
700 1 _aMaria Aurelia
_eAuthor.
905 _aSamah
942 _2ddc
_cBK
_e21
_n0
999 _c180150
_d180150